000 00685nam a2200217 a 4500
999 _c1597
_d1597
001 1597
003 BD-JhCC
005 20171023200016.0
008 171022s bg |||| ||a| 000 0 ben d
035 _a(BD-JhCC)1597
040 _aBD-JhCC
_dBD-JhCC
041 _aben
082 _a954.9205
_bBAG
100 _aবেগম, সাহিদা
245 _aআগরতলা ষড়যন্ত্র মামলার জেরা ও জবানবন্দী /
_cসাহিদা বেগম
260 _aঢাকা :
_bগতিধারা,
300 _a255 p. :
_c22 cm.
650 _aHistory
_yRenovation 1969
_zBangladesh
942 _2ddc
_cBK